000 00781nam a22002177a 4500
005 20150603165059.0
008 140714b xxu||||| |||| 00| 0 Urdu d
010 _aUR-8999
020 _c150.00
035 _aU-7554
037 _bBPPD/Pub/Ven
040 _aDPL
_bUrdu
082 _a270.649
100 _aمو لا نا محمد شمشا د ند و ی
245 _aا صلا ح ،معا شر ہ ،ا و ر ا سلا م
_cمو لا نا محمد شمشا د ند و ی
246 h _aIslaha, Maashrah, aur Islam
_bby Moulana Mohd. Shamshad Nidvi
260 _bAlhadia Islamic Reaserch Center,
_c2007
_aRajisthan
270 _aJamiatul Hadia Ramgarh Road
_bJaipur
_k9460866130
_e302027
300 _a278
_c22Cm (Hb)
942 _2ddc
_cUR
_e
_h270.649
_mم ح م
999 _c94074
_d94074